[Event "POL-chT3 Dolnoslaskie 1314"]
[Site "Poland"]
[Date "2013.12.01"]
[Round "4.28"]
[White "Widera, Jan"]
[Black "Szmyd, Marek"]
[Result "1/2-1/2"]
[WhiteElo "1989"]
[BlackElo "2011"]
[PlyCount "109"]
[EventDate "2013.10.20"]
[EventType "team-tourn"]
[EventRounds "11"]
[EventCountry "POL"]
[SourceTitle "EXT 2018"]
[Source "ChessBase"]
[SourceDate "2017.10.13"]
[SourceVersion "1"]
[SourceVersionDate "2017.10.13"]
[SourceQuality "1"]
[WhiteTeam "Polanica Zdroj KSz"]
[BlackTeam "Zarow Goniec"]
[WhiteTeamCountry "POL"]
[BlackTeamCountry "POL"]

1. e4 c5 2. Nf3 d6 3. d4 cxd4 4. Nxd4 Nf6 5. Nc3 g6 6. Be3 Bg7 7. f3 0-0 8. Qd2 d5 9. e5 Ne8 10. f4 f6 11. exf6 Nxf6 12. 0-0-0 Ng4 13. h3 Nxe3 14. Qxe3 Nc6 15. Ne6 d4 16. Qe4 Bxe6 17. Qxe6+ Kh8 18. g3 Qc8 19. Qxc8 Raxc8 20. Ne4 Nb4 21. Rh2 Nxa2+ 22. Kb1 Nb4 23. h4 e5 24. h5 gxh5 25. fxe5 Bxe5 26. Rxh5 Rce8 27. c3 Nd5 28. Bb5 Re7 29. cxd4 Bg7 30. Rxd5 Rxe4 31. Rd2 Re7 32. Rh5 Rd8 33. d5 a6 34. Bd3 h6 35. g4 Rd6 36. Bc2 Re5 37. Rf5 Bf6 38. Rxe5 Bxe5 39. Bb3 Kg7 40. Rf2 b6 41. Kc2 Rg6 42. Re2 Kf6 43. Rf2+ Ke7 44. Bc4 Rxg4 45. Bxa6 Kd6 46. Bb7 h5 47. Rf7 Rg2+ 48. Kd1 Bxb2 49. Rh7 Rg7 50. Rh6+ Kc5 51. Bc6 Rg5 52. Kc2 Be5 53. Be8 Rg2+ 54. Kd1 Rh2 55. Rxh5 1/2-1/2

[Event "POL-chT3 Dolnoslaskie 1314"]
[Site "Poland"]
[Date "2013.10.20"]
[Round "1.7"]
[White "Koszkul, Wojciech"]
[Black "Widera, Jan"]
[Result "1-0"]
[WhiteElo "1941"]
[BlackElo "1989"]
[PlyCount "61"]
[EventDate "2013.10.20"]
[EventType "team-tourn"]
[EventRounds "11"]
[EventCountry "POL"]
[SourceTitle "EXT 2018"]
[Source "ChessBase"]
[SourceDate "2017.10.13"]
[SourceVersion "1"]
[SourceVersionDate "2017.10.13"]
[SourceQuality "1"]
[WhiteTeam "Przedwojow Debiut"]
[BlackTeam "Polanica Zdroj KSz"]
[WhiteTeamCountry "POL"]
[BlackTeamCountry "POL"]

1. d4 Nf6 2. Nf3 c6 3. c4 d5 4. e3 a6 5. Nc3 Bg4 6. Be2 e6 7. Qb3 b5 8. c5 Bxf3 9. Bxf3 a5 10. Qc2 Be7 11. 0-0 0-0 12. Bd2 Nbd7 13. Ne2 e5 14. Ng3 e4 15. Be2 g6 16. f3 exf3 17. gxf3 h5 18. e4 h4 19. Nh1 Kg7 20. e5 Nh5 21. f4 f5 22. Nf2 Rh8 23. Nh3 Nf8 24. Qd3 Ne6 25. Kh1 Kf7 26. Rg1 Qd7 27. Rxg6 Kxg6 28. Rg1+ Bg5 29. Qxf5+ Kh6 30. Rxg5 Nf8 31. Rxh5+ 1-0

[Event "Polanica Zdroj op-B 47th"]
[Site "Polanica Zdroj"]
[Date "2011.??.??"]
[Round "8"]
[White "Galicki, Ryszard"]
[Black "Widera, Jan"]
[Result "0-1"]
[WhiteElo "1986"]
[BlackElo "2045"]
[PlyCount "30"]
[EventDate "2011.08.18"]
[EventType "swiss"]
[EventRounds "9"]
[EventCountry "POL"]
[SourceTitle "CBM 144 Extra"]
[Source "ChessBase"]
[SourceDate "2011.10.28"]
[SourceVersion "1"]
[SourceVersionDate "2011.10.28"]
[SourceQuality "1"]

1. e4 c5 2. Nf3 Nc6 3. d4 cxd4 4. Nxd4 Nf6 5. Nc3 g6 6. Be3 Bg7 7. Be2 0-0 8. Qd2 d5 9. exd5 Nxd5 10. Nxd5 Nxd4 11. Nxe7+ Qxe7 12. Bxd4 Bxd4 13. Qxd4 Re8 14. Qd2 Bg4 15. 0-0-0 Qxe2 0-1

[Event "Chorzow op"]
[Site "Chorzow"]
[Date "2010.03.22"]
[Round "3"]
[White "Kalinin, Oleg"]
[Black "Widera, Jan"]
[Result "1-0"]
[WhiteElo "2366"]
[BlackElo "2065"]
[PlyCount "107"]
[EventDate "2010.03.20"]
[EventType "swiss"]
[EventRounds "9"]
[EventCountry "POL"]
[SourceTitle "EXT 2012"]
[Source "ChessBase"]
[SourceDate "2011.11.24"]
[SourceVersion "1"]
[SourceVersionDate "2011.11.24"]
[SourceQuality "1"]

1. d4 Nf6 2. Nf3 c5 3. d5 e6 4. Nc3 exd5 5. Nxd5 d6 6. Bg5 Nbd7 7. e4 h6 8. Bxf6 Nxf6 9. Nxf6+ gxf6 10. Bb5+ Bd7 11. Bxd7+ Qxd7 12. Qd5 0-0-0 13. 0-0-0 Qg4 14. h3 Qe6 15. Nh4 Rg8 16. g3 Re8 17. Rhe1 Rg5 18. Nf5 Kc7 19. h4 Rg6 20. c4 Qxd5 21. Rxd5 Re5 22. Rd3 h5 23. Kc2 Rg8 24. Rf3 Kc6 25. Kd3 Rg6 26. Ne3 Be7 27. Nd5 Bd8 28. a4 a6 29. b3 Ba5 30. Ree3 Bd8 31. Rf4 Rh6 32. Ref3 Re6 33. Rf5 Kd7 34. Ne3 Re5 35. Rxe5 dxe5 36. Nf5 Rh8 37. Ke2 Kc6 38. Rd3 Rg8 39. Nh6 Rf8 40. Nxf7 Bc7 41. Nh6 b5 42. axb5+ axb5 43. Nf5 bxc4 44. bxc4 Re8 45. Ng7 Rh8 46. Rf3 Bd8 47. Rf5 Rh7 48. Nxh5 Ra7 49. Nxf6 Ra2+ 50. Kf3 Rc2 51. h5 Rc3+ 52. Kg2 Rxc4 53. h6 Ra4 54. h7 1-0

[Event "Chorzow op"]
[Site "Chorzow"]
[Date "2010.03.21"]
[Round "2"]
[White "Widera, Jan"]
[Black "Santura, Janusz"]
[Result "1-0"]
[WhiteElo "2065"]
[BlackElo "1876"]
[PlyCount "49"]
[EventDate "2010.03.20"]
[EventType "swiss"]
[EventRounds "9"]
[EventCountry "POL"]
[SourceTitle "EXT 2012"]
[Source "ChessBase"]
[SourceDate "2011.11.24"]
[SourceVersion "1"]
[SourceVersionDate "2011.11.24"]
[SourceQuality "1"]

1. e4 c6 2. c4 d5 3. exd5 cxd5 4. cxd5 Qxd5 5. Nc3 Qd8 6. d4 Nf6 7. Nf3 e6 8. Bc4 Be7 9. 0-0 Nbd7 10. Bg5 Nb6 11. Bb3 0-0 12. Rc1 Nbd5 13. Ne5 Bd7 14. Re1 Rc8 15. Nxd5 Nxd5 16. Bxe7 Nxe7 17. Qd3 Bc6 18. Nxf7 Rxf7 19. Bxe6 Rc7 20. Bxf7+ Kxf7 21. Qxh7 Ng6 22. Rc5 Bd5 23. Qh5 Rxc5 24. dxc5 Qd7 25. Rd1 1-0

[Event "Rowy Seniors-ch 15th"]
[Site "Rowy"]
[Date "2009.09.12"]
[Round "5"]
[White "Widera, Jan"]
[Black "Pioch, Zygmunt"]
[Result "1/2-1/2"]
[WhiteElo "2007"]
[BlackElo "2165"]
[PlyCount "107"]
[EventDate "2009.09.08"]
[EventType "swiss"]
[EventRounds "9"]
[EventCountry "POL"]
[SourceTitle "EXT 2010"]
[Source "ChessBase"]
[SourceDate "2010.11.25"]
[SourceVersion "1"]
[SourceVersionDate "2010.11.25"]
[SourceQuality "1"]

1. c4 e5 2. Nc3 Nf6 3. g3 Bb4 4. Bg2 0-0 5. Nf3 Nc6 6. Qc2 Re8 7. a3 Bxc3 8. bxc3 d6 9. 0-0 Be6 10. d3 e4 11. Nd4 exd3 12. exd3 Nxd4 13. cxd4 d5 14. Bb2 Qd7 15. Rfe1 c6 16. a4 h6 17. Qc3 Bf5 18. a5 Rxe1+ 19. Rxe1 Re8 20. Re5 Ng4 21. Rxe8+ Qxe8 22. h3 Nf6 23. Bf1 b5 24. axb6 axb6 25. Bc1 b5 26. Ba3 Qd7 27. Kh2 Kh7 28. cxb5 cxb5 29. Qc5 Qe8 30. Bb4 Qd7 31. Ba5 g5 32. Bc7 Ne8 33. Ba5 Nf6 34. Bb4 Qe8 35. Qb6 Be6 36. Bg2 Qd7 37. Bd6 Ne8 38. Bb4 Kg7 39. Qc5 Nf6 40. Ba5 Bf5 41. Bf1 Ne8 42. Bb4 Nf6 43. Qb6 Ne8 44. Qb8 Kh7 45. Qb6 Kg7 46. Qc5 Nf6 47. Qf8+ Kh7 48. Qb8 Ne8 49. Qb6 Kg7 50. Qc5 Nf6 51. Ba5 Ne8 52. Bb6 Nf6 53. Ba5 Ne8 54. Bb4 1/2-1/2

[Event "Rowy Seniors-ch 15th"]
[Site "Rowy"]
[Date "2009.09.09"]
[Round "2"]
[White "Widera, Jan"]
[Black "Olejarczyk, Bogdan"]
[Result "0-1"]
[WhiteElo "2007"]
[BlackElo "2143"]
[PlyCount "72"]
[EventDate "2009.09.08"]
[EventType "swiss"]
[EventRounds "9"]
[EventCountry "POL"]
[SourceTitle "EXT 2010"]
[Source "ChessBase"]
[SourceDate "2010.11.25"]
[SourceVersion "1"]
[SourceVersionDate "2010.11.25"]
[SourceQuality "1"]

1. e4 c5 2. Nf3 d6 3. c4 Nf6 4. Nc3 Nc6 5. d4 cxd4 6. Nxd4 g6 7. Be2 Bg7 8. Be3 0-0 9. 0-0 Bd7 10. Qd2 a6 11. f3 Nxd4 12. Bxd4 Bc6 13. Rfd1 Nd7 14. Be3 Re8 15. Rac1 b6 16. b4 a5 17. a3 axb4 18. axb4 Qb8 19. Nd5 Ra3 20. Bg5 Bxd5 21. exd5 b5 22. Be3 Qb7 23. Bd4 Rea8 24. Bxg7 Kxg7 25. Qd4+ f6 26. Rc2 Ra2 27. Rdc1 Rxc2 28. Rxc2 Ra3 29. Kf2 g5 30. g3 Ne5 31. Kg2 h5 32. Qb2 Qa7 33. Qc1 Nxc4 34. Bxc4 Ra1 35. Ra2 Qxa2+ 36. Bxa2 Rxc1 0-1

[Event "Polanica Zdroj op Seniors 45th"]
[Site "Polanica Zdroj"]
[Date "2009.08.23"]
[Round "6"]
[White "Plinta, Emil"]
[Black "Widera, Jan"]
[Result "0-1"]
[WhiteElo "2127"]
[BlackElo "2013"]
[PlyCount "52"]
[EventDate "2009.08.18"]
[EventType "swiss"]
[EventRounds "9"]
[EventCountry "POL"]
[SourceTitle "EXT 2012"]
[Source "ChessBase"]
[SourceDate "2011.11.24"]
[SourceVersion "1"]
[SourceVersionDate "2011.11.24"]
[SourceQuality "1"]

1. Nf3 c5 2. c4 Nf6 3. Nc3 g6 4. g3 b6 5. Bg2 Bb7 6. 0-0 Bg7 7. d4 cxd4 8. Nxd4 Bxg2 9. Kxg2 0-0 10. e4 d6 11. Be3 Qc8 12. b3 Qb7 13. f3 a6 14. Qd2 Re8 15. Rfd1 Nbd7 16. Rac1 Rac8 17. a4 a5 18. Rb1 Qa8 19. Re1 Nc5 20. Nde2 Red8 21. Nf4 e6 22. h4 h5 23. Kf2 Ng4+ 24. Kg2 Ne5 25. Qc2 Rd7 26. Rbd1 Rcd8 0-1

[Event "Chorzow op 45th"]
[Site "Chorzow"]
[Date "2009.03.31"]
[Round "4"]
[White "Widera, Jan"]
[Black "Moryson, Adrian"]
[Result "1/2-1/2"]
[WhiteElo "2030"]
[BlackElo "1897"]
[PlyCount "106"]
[EventDate "2009.03.28"]
[EventType "swiss"]
[EventRounds "9"]
[EventCountry "POL"]
[SourceTitle "CBM 129 Extra"]
[Source "ChessBase"]
[SourceDate "2009.05.05"]
[SourceVersion "2"]
[SourceVersionDate "2009.05.20"]
[SourceQuality "1"]

1. e4 d6 2. c4 Nf6 3. Nc3 c5 4. Nf3 Nc6 5. d4 cxd4 6. Nxd4 g6 7. Be2 Bg7 8. Be3 0-0 9. 0-0 a6 10. Qd2 Ng4 11. Bxg4 Bxg4 12. f3 Bd7 13. f4 f5 14. exf5 gxf5 15. Rf3 e5 16. Nxc6 Bxc6 17. Rg3 Kh8 18. Rd1 Qa5 19. Rxg7 Kxg7 20. fxe5 dxe5 21. Bh6+ Kh8 22. Bxf8 Rxf8 23. Qd6 Kg8 24. c5 e4 25. a3 Rf7 26. Qb8+ Kg7 27. Qg3+ Kf8 28. Qb8+ Kg7 29. Qe5+ Kg8 30. Qb8+ Kg7 31. Qe5+ Kg8 32. Rf1 Qd8 33. Rxf5 Rxf5 34. Qxf5 Qd4+ 35. Kf1 Qd3+ 36. Ke1 Qe3+ 37. Ne2 Qd3 38. Qg5+ Kf7 39. Qd2 Qb1+ 40. Kf2 e3+ 41. Qxe3 Qxb2 42. Qf4+ Qf6 43. g3 Ke6 44. Qxf6+ Kxf6 45. Ke3 Ke5 46. Nf4 Bb5 47. g4 a5 48. h4 Bd7 49. g5 Ba4 50. h5 Bb3 51. g6 hxg6 52. Nxg6+ Kf6 53. Nf4 Bd1 1/2-1/2

[Event "POL-ch Seniors"]
[Site "Swietochlowice"]
[Date "2008.10.04"]
[Round "6.9"]
[White "Widera, Jan"]
[Black "Chmiel, Piotr"]
[Result "1/2-1/2"]
[WhiteElo "2066"]
[BlackElo "1983"]
[PlyCount "139"]
[EventDate "2008.09.30"]
[EventType "swiss"]
[EventRounds "9"]
[EventCountry "POL"]
[SourceTitle "EXT 2023"]
[Source "ChessBase"]
[SourceDate "2022.10.05"]
[SourceVersion "1"]
[SourceVersionDate "2022.10.05"]
[SourceQuality "1"]

1. e4 e5 2. Nf3 Nc6 3. d4 exd4 4. Bc4 Bc5 5. c3 d3 6. Qxd3 d6 7. b4 Bb6 8. Bg5 Nge7 9. 0-0 h6 10. Be3 Bg4 11. Nbd2 Ne5 12. Nxe5 dxe5 13. Bxb6 Qxd3 14. Bxd3 axb6 15. Nc4 Ng6 16. f3 Be6 17. Rf2 Ke7 18. g3 Rhd8 19. Bf1 f6 20. a4 b5 21. Na5 bxa4 22. Nxb7 Rdb8 23. Nc5 Bb3 24. Rb2 Bf7 25. Rxa4 Rxa4 26. Nxa4 Ra8 27. Bb5 Nf8 28. Kf2 Nd7 29. Ke3 Nb8 30. Nc5 Ra3 31. Kd3 Ra1 32. Rd2 Rf1 33. Ke2 Rc1 34. Nd7 c6 35. Nxb8 cxb5 36. Nc6+ Kf8 37. Rd8+ Be8 38. Kd2 Ra1 39. c4 bxc4 40. b5 Kf7 41. Kc3 Rc1+ 42. Kb4 c3 43. Kc4 Bxc6 44. bxc6 c2 45. Rd7+ Ke6 46. Rd2 Rb1 47. Rxc2 Kd6 48. Kd3 Kc7 49. f4 g5 50. fxe5 fxe5 51. Rf2 Kxc6 52. Rf6+ Kc5 53. Re6 Rb3+ 54. Kc2 Re3 55. Rxe5+ Kd4 56. Re6 Re2+ 57. Kd1 Rxh2 58. e5 Kd5 59. Re8 Ra2 60. Ke1 Ra6 61. Kf2 Re6 62. Rh8 Kxe5 63. Kf3 Kf5 64. g4+ Kg6 65. Rg8+ Kf7 66. Ra8 Rb6 67. Ra3 Kg6 68. Rc3 h5 69. gxh5+ Kxh5 70. Kg3 1/2-1/2

[Event "POL-chT 2nd League"]
[Site "Ustron"]
[Date "2008.09.10"]
[Round "4.64"]
[White "Wozniak, Marcin"]
[Black "Widera, Jan"]
[Result "1-0"]
[WhiteElo "2130"]
[BlackElo "2119"]
[PlyCount "79"]
[EventDate "2008.09.06"]
[EventType "team-swiss"]
[EventRounds "9"]
[EventCountry "POL"]
[SourceTitle "EXT 2015"]
[Source "ChessBase"]
[SourceDate "2014.11.20"]
[SourceVersion "1"]
[SourceVersionDate "2014.11.20"]
[SourceQuality "1"]
[WhiteTeam "Bydgoszcz Chemik"]
[BlackTeam "Katowice Hetman Szopienice"]
[WhiteTeamCountry "POL"]
[BlackTeamCountry "POL"]

1. c4 c5 2. g3 Nf6 3. Bg2 g6 4. Nc3 Nc6 5. e3 Bg7 6. Nge2 d6 7. d3 Bd7 8. Rb1 Rb8 9. a3 a6 10. b4 cxb4 11. axb4 b5 12. cxb5 axb5 13. d4 0-0 14. 0-0 Qb6 15. h3 Ra8 16. e4 e5 17. dxe5 Nxe5 18. Bg5 Be6 19. Bxf6 Bxf6 20. Nd5 Bxd5 21. Qxd5 Ra3 22. Rb3 Rxb3 23. Qxb3 Nc4 24. Rd1 Be5 25. Qf3 Ra8 26. Bf1 Ra3 27. Qg4 Ra2 28. Kg2 Kg7 29. Rd3 Rb2 30. Qd7 Bf6 31. Rd5 Rxb4 32. Nf4 Rb2 33. Be2 Rxe2 34. Nxe2 Be5 35. Rxb5 Qa6 36. Rb7 Ne3+ 37. Kf3 Qa2 38. fxe3 Qc4 39. Qb5 Qe6 40. Qd5 1-0